Principles of business finance. / (Record no. 7710)
[ view plain ]
| 000 -LEADER | |
|---|---|
| fixed length control field | 01556cam a22003258a 4500 |
| 001 - CONTROL NUMBER | |
| control field | 13992700 |
| 003 - CONTROL NUMBER IDENTIFIER | |
| control field | OSt |
| 005 - DATE AND TIME OF LATEST TRANSACTION | |
| control field | 20210707125009.0 |
| 008 - FIXED-LENGTH DATA ELEMENTS--GENERAL INFORMATION | |
| fixed length control field | 050606s2005 nyu b 001 0 eng |
| 010 ## - LIBRARY OF CONGRESS CONTROL NUMBER | |
| LC control number | 2005050735 |
| 020 ## - INTERNATIONAL STANDARD BOOK NUMBER | |
| International Standard Book Number | 9780390453235 |
| 020 ## - INTERNATIONAL STANDARD BOOK NUMBER | |
| International Standard Book Number | 0390453234 |
| 040 ## - CATALOGING SOURCE | |
| Original cataloging agency | DLC |
| Transcribing agency | DLC |
| 042 ## - AUTHENTICATION CODE | |
| Authentication code | pcc |
| 050 00 - LIBRARY OF CONGRESS CALL NUMBER | |
| Classification number | HG4026.A89 |
| 082 00 - DEWEY DECIMAL CLASSIFICATION NUMBER | |
| Classification number | 658.15 |
| Edition number | 22 |
| 110 ## - MAIN ENTRY--CORPORATE NAME | |
| Subordinate unit | Finance Department, Auburn University |
| 245 10 - TITLE STATEMENT | |
| Title | Principles of business finance. / |
| Statement of responsibility, etc. | Auburn University |
| 260 ## - PUBLICATION, DISTRIBUTION, ETC. | |
| Place of publication, distribution, etc. | New York : |
| Name of publisher, distributor, etc. | McGraw-Hill, |
| Date of publication, distribution, etc. | 2013. |
| 300 ## - PHYSICAL DESCRIPTION | |
| Extent | xxiv, 473 p.: |
| Other physical details | ill.; |
| 504 ## - BIBLIOGRAPHY, ETC. NOTE | |
| Bibliography, etc. note | Includes index. |
| 505 ## - FORMATTED CONTENTS NOTE | |
| Formatted contents note | Contents: Guided tour -- Introduction to corporate finance -- Financial statements, taxes, and cash flow -- Working with financial statements-- Introduction to valuation -- Discounted cash flow valuation -- Inters rates and bond valuation -- Stock valuation -- Net present value and other investment criteria -- Making capital investment decisions -- Some lessons from capital market history -- Return, risk, and the security market line -- Cost of capital -- Appendices: Mathematical table s-- Key equations -- Answers t selected end-of-chapter problems <br/><br/><br/> |
| 650 #0 - SUBJECT ADDED ENTRY--TOPICAL TERM | |
| Topical term or geographic name entry element | Business enterprises |
| General subdivision | Finance. |
| 650 #0 - SUBJECT ADDED ENTRY--TOPICAL TERM | |
| Topical term or geographic name entry element | Business enterprises |
| General subdivision | Finance |
| Form subdivision | Problems, exercises, etc. |
| 650 #0 - SUBJECT ADDED ENTRY--TOPICAL TERM | |
| Topical term or geographic name entry element | Corporations |
| General subdivision | Finance. |
| 650 #0 - SUBJECT ADDED ENTRY--TOPICAL TERM | |
| Topical term or geographic name entry element | Corporations |
| General subdivision | Finance |
| Form subdivision | Problems, exercises, etc. |
| 906 ## - LOCAL DATA ELEMENT F, LDF (RLIN) | |
| a | 7 |
| b | cbc |
| c | orignew |
| d | 1 |
| e | ocip |
| f | 20 |
| g | y-gencatlg |
| 942 ## - ADDED ENTRY ELEMENTS (KOHA) | |
| Source of classification or shelving scheme | Library of Congress Classification |
| Koha item type | Books |
| Withdrawn status | Lost status | Source of classification or shelving scheme | Damaged status | Not for loan | Home library | Current library | Shelving location | Date acquired | Total Checkouts | Full call number | Barcode | Date last seen | Copy number | Price effective from | Koha item type |
|---|---|---|---|---|---|---|---|---|---|---|---|---|---|---|---|
| Library of Congress Classification | WISCONSIN INTERNATIONAL UNIVERSITY COLLEGE, GHANA KUMASI LIBRARY | WISCONSIN INTERNATIONAL UNIVERSITY COLLEGE, GHANA KUMASI LIBRARY | General Stacks | 30/10/2019 | HG4026.A89 | K/916/916/19 | 07/07/2021 | 1 | 07/07/2021 | Books | |||||
| Library of Congress Classification | WISCONSIN INTERNATIONAL UNIVERSITY COLLEGE, GHANA KUMASI LIBRARY | WISCONSIN INTERNATIONAL UNIVERSITY COLLEGE, GHANA KUMASI LIBRARY | General Stacks | 30/10/2019 | HG4026.A891 | K/917/917/19 | 07/07/2021 | 2 | 07/07/2021 | Books | |||||
| Library of Congress Classification | WISCONSIN INTERNATIONAL UNIVERSITY COLLEGE, GHANA KUMASI LIBRARY | WISCONSIN INTERNATIONAL UNIVERSITY COLLEGE, GHANA KUMASI LIBRARY | General Stacks | 07/11/2019 | HG4026.A892 | K/1532/1532/19 | 09/07/2021 | 3 | 09/07/2021 | Books |
